UBT Library

Philosophical and Theoretical Prerspectives for Advanced Nursing Practice (Record no. 58019)

000 -LEADER
fixed length control field 00378nam a22001457a 4500
008 - FIXED-LENGTH DATA ELEMENTS--GENERAL INFORMATION
fixed length control field 210607b ||||| |||| 00| 0 eng d
020 ## - INTERNATIONAL STANDARD BOOK NUMBER
International Standard Book Number 9780763718589
041 ## - LANGUAGE CODE
Language code of text/sound track or separate title eng
080 ## - UNIVERSAL DECIMAL CLASSIFICATION NUMBER
Edition identifier 3rd
Universal Decimal Classification number 610.73
082 ## - DEWEY DECIMAL CLASSIFICATION NUMBER
Classification number 610.73
100 ## - Rafti
Rafti 1
101 ## - Shkurtesa
Shkurtesa INF
245 ## - TITLE STATEMENT
Title Philosophical and Theoretical Prerspectives for Advanced Nursing Practice
Statement of responsibility, etc Janet W. Kenney
942 ## - ADDED ENTRY ELEMENTS (KOHA)
Source of classification or shelving scheme
Item type Books
Holdings
Withdrawn status Lost status Source of classification or shelving scheme Damaged status Not for loan Collection code Permanent location Current location Shelving location Date acquired Total Checkouts Full call number Barcode Date last seen Price effective from Koha item type
          Koleksioni i përgjithshem UBT - Lipjan UBT - Lipjan Koleksioni i përgjithshem 06/07/2021   610.73 KEN 002-7003733 06/07/2021 06/07/2021 Books
          Koleksioni i përgjithshem UBT - Lipjan UBT - Lipjan   06/29/2023   610.73 002-800080701 06/29/2023 06/29/2023 Books
UBT Library © 2015-2024. All rights reserved University Education for Business and Technology